[Event "Los Angeles Academia"]
[Site "Los Angeles"]
[Date "2019.11.24"]
[Round "6"]
[White "Miranda Ramirez, Gonzalo Andres"]
[Black "Soza de la Carrera, Jose"]
[Result "0-1"]
[WhiteElo "1759"]
[BlackElo "2250"]
[PlyCount "90"]
[EventDate "2019.10.20"]
[EventType "tourn"]
[EventRounds "7"]
[EventCountry "CHI"]
[SourceTitle "EXT 2021"]
[Source "ChessBase"]
[SourceDate "2020.10.23"]
[SourceVersion "1"]
[SourceVersionDate "2020.10.23"]
[SourceQuality "1"]

1. e4 c6 2. d4 d5 3. exd5 cxd5 4. c4 Nf6 5. Nc3 Nc6 6. Nf3 Bg4 7. Be3 e6 8. h3 Bh5 9. c5 Bxf3 10. Qxf3 Be7 11. Bb5 0-0 12. 0-0 e5 13. Bxc6 bxc6 14. b4 e4 15. Qd1 Ne8 16. a4 f5 17. Bf4 Bf6 18. b5 g5 19. Bh2 f4 20. Rb1 Nc7 21. b6 Ne6 22. b7 Rb8 23. Qg4 Qe7 24. Ne2 Bxd4 25. Nxd4 Nxd4 26. a5 Rxb7 27. Rxb7 Qxb7 28. Qxg5+ Qg7 29. Qxg7+ Kxg7 30. Rb1 Ne6 31. g3 Nxc5 32. Rc1 Nd3 33. Rxc6 e3 34. fxe3 fxe3 35. Re6 d4 36. g4 Nf4 37. Re7+ Kg6 38. Bxf4 Rxf4 39. Kg2 Kf6 40. Re8 Kf7 41. Re5 Rf2+ 42. Kg1 Rf6 43. Re4 Re6 44. Rf4+ Ke7 45. Kf1 Rf6 0-1

[Event "Los Angeles Academia"]
[Site "Los Angeles"]
[Date "2019.11.17"]
[Round "5"]
[White "Soza de la Carrera, Jose"]
[Black "Squella Lavin, Carlos Felipe"]
[Result "1-0"]
[WhiteElo "2250"]
[BlackElo "2240"]
[PlyCount "137"]
[EventDate "2019.10.20"]
[EventType "tourn"]
[EventRounds "7"]
[EventCountry "CHI"]
[SourceTitle "EXT 2021"]
[Source "ChessBase"]
[SourceDate "2020.10.23"]
[SourceVersion "1"]
[SourceVersionDate "2020.10.23"]
[SourceQuality "1"]

1. d4 d5 2. c4 e6 3. Nf3 a6 4. Nbd2 Nf6 5. g3 Be7 6. Bg2 0-0 7. 0-0 c5 8. cxd5 exd5 9. dxc5 Bxc5 10. Nb3 Be7 11. Nbd4 Nc6 12. b3 Be6 13. Bb2 Rc8 14. Nxe6 fxe6 15. Ng5 Qd6 16. Bh3 Nd8 17. e4 Nxe4 18. Nxe4 dxe4 19. Qg4 Bf6 20. Bxf6 Rxf6 21. Qxe4 Nc6 22. Rad1 Qe7 23. Rfe1 Re8 24. f4 Qc5+ 25. Kh1 Re7 26. Bg2 Rf8 27. Rd2 Rfe8 28. Qe3 Qxe3 29. Rxe3 Rd8 30. Rxd8+ Nxd8 31. Rd3 Nf7 32. Kg1 Kf8 33. Kf2 Rc7 34. Ke3 Ke7 35. Kd2 b6 36. Be4 g6 37. Rc3 Rxc3 38. Kxc3 Kd6 39. g4 a5 40. b4 axb4+ 41. Kxb4 e5 42. f5 gxf5 43. Bxf5 h6 44. Kb5 Kc7 45. Kc4 Kd6 46. h4 Nd8 47. Kd3 Nc6 48. Ke3 Nb4 49. a3 Nd5+ 50. Kd3 Ne7 51. Be4 Ng8 52. g5 hxg5 53. hxg5 Ne7 54. Kc4 Ke6 55. Kb5 Nc8 56. Kc6 Nd6 57. Bd5+ Ke7 58. g6 Nf5 59. Kxb6 Kf6 60. a4 Ne3 61. Be4 Nc4+ 62. Kc5 Nd2 63. Kd5 Nb3 64. Bc2 Nd4 65. Bd3 Nb3 66. Be4 Nd4 67. a5 Nb5 68. Bd3 Nc3+ 69. Kc4 1-0

[Event "Los Angeles Academia"]
[Site "Los Angeles"]
[Date "2019.11.03"]
[Round "3"]
[White "Soza de la Carrera, Jose"]
[Black "Olave Parra, Hugo"]
[Result "1-0"]
[WhiteElo "2250"]
[BlackElo "1786"]
[PlyCount "89"]
[EventDate "2019.10.20"]
[EventType "tourn"]
[EventRounds "7"]
[EventCountry "CHI"]
[SourceTitle "EXT 2021"]
[Source "ChessBase"]
[SourceDate "2020.10.23"]
[SourceVersion "1"]
[SourceVersionDate "2020.10.23"]
[SourceQuality "1"]

1. d4 d5 2. c4 dxc4 3. Nf3 Nf6 4. e3 Bg4 5. Bxc4 e6 6. 0-0 Bd6 7. b3 0-0 8. Bb2 c5 9. Be2 Qc7 10. h3 Bh5 11. Nc3 a6 12. Rc1 Nc6 13. Na4 cxd4 14. Nxd4 Bxe2 15. Qxe2 Nxd4 16. Bxd4 Qe7 17. Rfd1 Rac8 18. Nb6 Rxc1 19. Rxc1 Rd8 20. Nc8 Qd7 21. Nxd6 Qxd6 22. Bxf6 gxf6 23. Qg4+ Kh8 24. Qf3 Qe7 25. Rc4 Rg8 26. Rf4 Rg6 27. h4 Kg7 28. g3 b5 29. a4 e5 30. Rf5 bxa4 31. bxa4 h6 32. Kg2 Qe6 33. e4 Qc6 34. a5 Qd6 35. Qe2 Kh7 36. Qc4 Qe6 37. Qxe6 fxe6 38. Rf3 h5 39. Rb3 f5 40. Rb6 f4 41. Rxa6 Rg4 42. Kf3 fxg3 43. fxg3 Rg7 44. Rxe6 Rf7+ 45. Kg2 1-0

[Event "Antofagasta Zicosur op 2nd"]
[Site "Antofagasta"]
[Date "2016.01.09"]
[Round "7"]
[White "Vergara Jofre, Felipe Andres"]
[Black "Soza de la Carrera, Jose"]
[Result "1-0"]
[WhiteElo "2114"]
[BlackElo "2252"]
[PlyCount "101"]
[EventDate "2016.01.05"]
[EventType "swiss"]
[EventRounds "9"]
[EventCountry "CHI"]
[SourceTitle "CBM 170 Extra"]
[Source "ChessBase"]
[SourceDate "2016.02.25"]
[SourceVersion "1"]
[SourceVersionDate "2016.02.25"]
[SourceQuality "1"]

1. e4 c5 2. Nf3 e6 3. d4 cxd4 4. Nxd4 a6 5. Nc3 Qc7 6. Qf3 Nf6 7. Bd3 d6 8. Qg3 Nbd7 9. 0-0 b5 10. a3 Bb7 11. f4 h5 12. Kh1 h4 13. Qh3 Be7 14. Bd2 Nc5 15. Rfe1 g6 16. b4 Nxd3 17. cxd3 Rc8 18. Nf3 Nh5 19. Rac1 Qd7 20. d4 Rc4 21. Kg1 Qc8 22. f5 exf5 23. exf5 Qxf5 24. Qxf5 gxf5 25. Nxh4 Ng7 26. Bg5 Ne6 27. Bxe7 Kxe7 28. Nxf5+ Kd7 29. d5 Rg8 30. dxe6+ fxe6 31. Ng3 d5 32. Rf1 Rg7 33. Nce2 e5 34. Rcd1 Ke6 35. Rf8 d4 36. Re8+ Re7 37. Rxe7+ Kxe7 38. Nf5+ Ke6 39. Nfxd4+ exd4 40. Nxd4+ Ke5 41. Nf3+ Bxf3 42. gxf3 Kf4 43. Rd6 Rc1+ 44. Kg2 Rc2+ 45. Kh3 Kxf3 46. Rxa6 Rc3 47. Ra5 Rc8 48. Kh4 Kf4 49. Kh5 Rh8+ 50. Kg6 Rxh2 51. Rxb5 1-0

[Event "Antofagasta Zicosur op 2nd"]
[Site "Antofagasta"]
[Date "2016.01.07"]
[Round "4"]
[White "Gomez Caceres, Jafet"]
[Black "Soza de la Carrera, Jose"]
[Result "1/2-1/2"]
[WhiteElo "2088"]
[BlackElo "2252"]
[PlyCount "66"]
[EventDate "2016.01.05"]
[EventType "swiss"]
[EventRounds "9"]
[EventCountry "CHI"]
[SourceTitle "CBM 170 Extra"]
[Source "ChessBase"]
[SourceDate "2016.02.25"]
[SourceVersion "1"]
[SourceVersionDate "2016.02.25"]
[SourceQuality "1"]

1. d4 Nf6 2. c4 e6 3. Nf3 b6 4. g3 Ba6 5. b3 Bb4+ 6. Bd2 Be7 7. Nc3 c6 8. e4 d5 9. e5 Nfd7 10. Rc1 0-0 11. Bf4 b5 12. cxb5 cxb5 13. Bxb5 Bxb5 14. Nxb5 Qa5+ 15. Nc3 Bb4 16. Bd2 Rc8 17. Ne2 Nc6 18. 0-0 Rab8 19. Rc2 Bxd2 20. Qxd2 Qxd2 21. Nxd2 Nb4 22. Rxc8+ Rxc8 23. Rc1 Nb6 24. Rxc8+ Nxc8 25. Nc3 Ne7 26. f4 Nec6 27. Nf3 Nc2 28. Nb5 a6 29. Nc7 a5 30. Nb5 N6b4 31. a3 Nd3 32. Kf1 Nc1 33. Nd2 Na1 1/2-1/2

[Event "Antofagasta Zicosur op 1st"]
[Site "Antofagasta"]
[Date "2015.01.09"]
[Round "7"]
[White "Rodriguez Vila, Andres"]
[Black "Soza de la Carrera, Jose"]
[Result "1-0"]
[WhiteElo "2444"]
[BlackElo "2235"]
[PlyCount "73"]
[EventDate "2015.01.05"]
[EventType "swiss"]
[EventRounds "10"]
[EventCountry "CHI"]
[SourceTitle "CBM 164 Extra"]
[Source "ChessBase"]
[SourceDate "2015.03.02"]
[SourceVersion "1"]
[SourceVersionDate "2015.03.02"]
[SourceQuality "1"]

1. e4 e6 2. d4 d5 3. e5 c5 4. c3 Nc6 5. Nf3 Qb6 6. Bd3 Bd7 7. dxc5 Bxc5 8. b4 Bf8 9. 0-0 Nge7 10. Qe2 Ng6 11. h4 Qc7 12. Re1 Be7 13. h5 Nf8 14. Na3 a6 15. b5 Na5 16. bxa6 bxa6 17. Bxa6 Bxa3 18. Bxa3 Nc4 19. Bxc4 Rxa3 20. Bb3 Bc6 21. c4 Ra5 22. Nd4 Nd7 23. cxd5 Bxd5 24. Nb5 Qc6 25. Nd6+ Ke7 26. Qd2 Rha8 27. Rac1 Rc5 28. Rxc5 Qxc5 29. Rc1 Qa5 30. Qg5+ Kf8 31. h6 g6 32. Qf4 f5 33. exf6 Bxb3 34. axb3 Qe5 35. Qa4 Rd8 36. Qxd7 Qxd6 37. Qg7+ 1-0